| 000 | 00952nam a2200277 i 4500 | ||
|---|---|---|---|
| 001 | 88889 | ||
| 003 | ES-MaACL | ||
| 005 | 20250819063045.0 | ||
| 007 | t| | ||
| 008 | 041227s2003 sp ||||1| spa d | ||
| 020 | _a84-8480-050-4 | ||
| 080 | _a75 Tiziano (083.824) | ||
| 100 | 0 |
_aTiziano, _dca. 1488-1576 _9110357 |
|
| 245 | 1 | 0 |
_aTiziano _b: 10 de junio-7 de septiembre, 2003, Museo Nacional del Prado / _cedición a cargo de Miguel Falomir. |
| 260 |
_a[Madrid] : _bMuseo Nacional del Prado, _c[2003] |
||
| 300 |
_a443 p. : _bil. ; _c30 cm. |
||
| 500 | _aTextos en español e inglés. | ||
| 504 | _aBibliografía: p. 418-431. | ||
| 600 | 0 | 4 |
_aTiziano, _dca. 1488-1576- _vExposiciones _9110358 |
| 655 | 7 |
_2tgfbne _aCatálogos de exposiciones _9193628 |
|
| 700 | 1 |
_aFalomir Faus, Miguel. _948775 |
|
| 710 | 2 |
_aMuseo Nacional del Prado. _9160001 |
|
| 852 |
_aES-MaACL _jE-10730 _bR.134928 |
||
| 942 | _2udc | ||
| 999 |
_c88889 _d88889 |
||